000 00700nam a22002057a 4500
999 _c18703
_d18703
003 AR-CdUCM
008 190515b ||||| |||| 00| 0 spa d
040 _aMUNICIPALIDAD PROVINCIAL DEL CUSCO
_cBIBLIOTECA MUNICIPAL DEL CUSCO
082 _a541.2 /
_bS37
100 _aSelvaggi, Felippo
_939442
245 _aEstructura de la materia /
260 _aBarcelona :
_bHerder,
_c1970.
300 _a277 páginas ;
_c21 cm.
505 _aContenido : La atomicidad de la materia -- La atomicidad de la electricidad -- La atomicidad de la energía radiante ...
650 _aAtomicidad
_939443
650 _aEnergía
_915841
650 _aMateria
_9883
942 _2ddc
_cLIBROS
945 _arah
_d2019/05/15